Bienvenue au parc! : Xarxa de Parcs Naturals Xarxa de Parcs Naturals
Publicado:
Barcelona :
Diputació de Barcelona. Àrea de Territori i Sostenibilitat. Gerència de Serveis d'Espais Naturals ,
2013
Descripción Física:
1 f. plegat en 4 parts ; 43 x 43 cm plegat a 22 x 11 cm
MARC
| LEADER | 00000nam a2200000Ia 4500 | ||
|---|---|---|---|
| 001 | 23975 | ||
| 008 | 160829s2013 xx 000 0 cat d | ||
| 080 | |a FU-62-114 | ||
| 245 | |a Bienvenue au parc! : |b Xarxa de Parcs Naturals | ||
| 260 | |a Barcelona : |b Diputació de Barcelona. Àrea de Territori i Sostenibilitat. Gerència de Serveis d'Espais Naturals, |c 2013 | ||
| 300 | |a 1 f. plegat en 4 parts ; |c 43 x 43 cm plegat a 22 x 11 cm | ||
| 590 | |a Text en francès. Hi ha un altre exemplar en català amb R. 23972, en anglès amb R. 23974, en francès amb R. 23975 i en castellà amb R. 23973 | ||
| 650 | 0 | |a Parcs Naturals |z Barcelona (Catalunya : Província) |v Guies |9 50316 | |
| 650 | |a Parcs naturals |x Barcelona (Província) |x Mapes |9 49289 | ||
| 710 | 1 | |a Barcelona (Catalunya : Província). |b Xarxa de Parcs Naturals |9 7250 | |
| 710 | 1 | |a Barcelona (Catalunya : Província). |b Gerència de Serveis d’Espais Naturals |9 52730 | |
| 901 | |a Arxiu | ||
| 942 | |n 1 | ||
| 952 | |0 0 |1 0 |4 0 |6 FU62114 |7 1 |9 55373 |a Arxiu |b Arxiu |d 2016-12-01 |l 0 |o FU-62-114 |p 23975 |r 2016-12-01 00:00:00 |w 2016-12-01 |y ARXIU | ||
| 999 | |c 59246 |d 59246 | ||